ბათუმის შოთა რუსთაველის სახელმწიფო უნივერსიტეტის ბიბლიოთეკა

Зоолоия беспозвоночных.Функциональные и эволюционные аспекты.В 4-х томах.т1 Простые и низшие многоклеточные (ბიბ.ჩანაწერი № 35185)

000 -LEADER
fixed length control field 00867nam a2200241Ia 4500
001 - CONTROL NUMBER
control field 1030
003 - CONTROL NUMBER IDENTIFIER
control field GE_BSU
008 - FIXED-LENGTH DATA ELEMENTS--GENERAL INFORMATION
fixed length control field 181216s||||||||xx |||||||||||||| ||und||
020 ## - INTERNATIONAL STANDARD BOOK NUMBER
International Standard Book Number 9785769534935
040 ## - CATALOGING SOURCE
Transcribing agency GE_BSU
080 ## - UNIVERSAL DECIMAL CLASSIFICATION NUMBER
Universal Decimal Classification number 59(075.8)
100 ## - MAIN ENTRY--PERSONAL NAME
Personal name Рупперт,Эдвард; Ричард С. Фокс,Роберт Д.Барс,
245 ## - TITLE STATEMENT
Title Зоолоия беспозвоночных.Функциональные и эволюционные аспекты.В 4-х томах.т1 Простые и низшие многоклеточные
245 ## - TITLE STATEMENT
Remainder of title Учебник.
245 ## - TITLE STATEMENT
Statement of responsibility, etc. Пер.с англ. Под.ред. А.А.Добровольского и А.А.И.Грановича.
260 ## - PUBLICATION, DISTRIBUTION, ETC.
Place of publication, distribution, etc. Москва
260 ## - PUBLICATION, DISTRIBUTION, ETC.
Name of publisher, distributor, etc. Академия
260 ## - PUBLICATION, DISTRIBUTION, ETC.
Date of publication, distribution, etc. 2008
300 ## - PHYSICAL DESCRIPTION
Extent 484 с.
653 ## - INDEX TERM--UNCONTROLLED
Uncontrolled term Зоология
942 ## - ADDED ENTRY ELEMENTS (KOHA)
Koha item type წიგნი
ეგზემპლარები
Withdrawn status Lost status Damaged status Not for loan Date acquired Barcode Date last seen Price effective from Koha item type Public note
        2018-12-17 2532 2018-12-17 2018-12-17 წიგნი დარბაზი
        2018-12-17 2533 2018-12-17 2018-12-17 წიგნი დარბაზი
        2018-12-17 2534 2018-12-17 2018-12-17 წიგნი საცავი
        2018-12-17 2535 2018-12-17 2018-12-17 წიგნი  
        2018-12-17 2536 2018-12-17 2018-12-17 წიგნი საცავი
        2018-12-17 2537 2018-12-17 2018-12-17 წიგნი საცავი
        2018-12-17 2538 2018-12-17 2018-12-17 წიგნი საცავი
        2018-12-17 2539 2018-12-17 2018-12-17 წიგნი საცავი
        2018-12-17 2540 2018-12-17 2018-12-17 წიგნი საცავი
        2018-12-17 2531 2018-12-17 2018-12-17 წიგნი საცავი